[Event "World Rapid 2022"]
[Site "Almaty KAZ"]
[Date "2022.12.26"]
[Round "3.53"]
[White "Tsaruk, Maksim"]
[Black "Chigaev, Maksim"]
[Result "1/2-1/2"]
[WhiteTitle "FM"]
[BlackTitle "GM"]
[WhiteElo "2373"]
[BlackElo "2632"]
[WhiteFideId "13511173"]
[BlackFideId "4108116"]
[EventDate "2022.12.26"]

1. e4 c5 2. Nf3 e6 3. d4 cxd4 4. Nxd4 Nf6 5. Nc3 Nc6 6. Ndb5 d6 7. Bf4 e5 8. Bg5
a6 9. Na3 b5 10. Nd5 Be7 11. Bxf6 Bxf6 12. c3 Ne7 13. Nxf6+ gxf6 14. Nc2 Bb7 15.
Bd3 d5 16. Qe2 f5 17. exf5 e4 18. f6 Nf5 19. f3 Qxf6 20. O-O Qb6+ 21. Rf2 Nd6
22. Nd4 O-O-O 23. Bc2 Kb8 24. Re1 Rhe8 25. fxe4 dxe4 26. Qe3 Nc4 27. Qg3+ Ka8
28. Rxf7 Nxb2 29. Rxh7 b4 30. Qc7 Qxc7 31. Rxc7 bxc3 32. Nf5 Re5 33. g4 Rg8 34.
Ne3 Rc8 35. Rxc8+ Bxc8 36. h4 Ka7 37. Kh2 Kb6 38. Kg3 Kc5 39. h5 Nd3 40. Re2 Kd4
41. h6 Re8 42. Bb3 Nc1 43. Re1 Nd3 44. Re2 Rh8 45. g5 Rf8 46. h7 Rf3+ 47. Kg2
Nf4+ 48. Kh1 Nxe2 49. h8=Q+ Kxe3 50. Qxc8 Kf2 51. g6 Ng3+ 52. Kh2 Nf1+ 53. Kh1
Ng3+ 54. Kh2 1/2-1/2

[Event "World Rapid 2022"]
[Site "Almaty KAZ"]
[Date "2022.12.26"]
[Round "3.54"]
[White "Petrosyan, Manuel"]
[Black "Suleymenov, Alisher"]
[Result "1/2-1/2"]
[WhiteTitle "GM"]
[BlackTitle "IM"]
[WhiteElo "2621"]
[BlackElo "2476"]
[WhiteFideId "13300857"]
[BlackFideId "13707833"]
[EventDate "2022.12.26"]

1. d4 Nf6 2. Bf4 g6 3. e3 Bg7 4. Nf3 O-O 5. Be2 c5 6. Nbd2 b6 7. O-O Bb7 8. a4
a6 9. c3 d6 10. h3 Nbd7 11. Qb3 Ra7 12. Rfd1 Qa8 13. Bg3 Ne4 14. Nxe4 Bxe4 15.
Qa3 Rc8 16. Bh4 Nf6 17. Qb3 Rb8 18. Ng5 Bd5 19. Bc4 h6 20. Bxd5 Qxd5 21. Qxd5
Nxd5 22. Nf3 Nf6 23. Nd2 cxd4 24. Bxf6 Bxf6 25. exd4 d5 26. Nb3 e6 27. Nc1 Rc7
28. Nd3 Be7 29. Rdc1 h5 30. a5 b5 31. b4 Rc4 32. Ne5 Rc7 33. Nd3 Rc4 34. Ne5 Rc7
35. Nd3 1/2-1/2

[Event "World Rapid 2022"]
[Site "Almaty KAZ"]
[Date "2022.12.26"]
[Round "3.55"]
[White "Ansat, Aldiyar"]
[Black "Kobalia, Mikhail"]
[Result "0-1"]
[WhiteTitle "IM"]
[BlackTitle "GM"]
[WhiteElo "2291"]
[BlackElo "2577"]
[WhiteFideId "13715658"]
[BlackFideId "4119150"]
[EventDate "2022.12.26"]

1. e4 c5 2. Nf3 e6 3. d4 cxd4 4. Nxd4 Nc6 5. Nc3 a6 6. Qd3 Nxd4 7. Qxd4 Ne7 8.
Bf4 Nc6 9. Qd2 Be7 10. Bd3 O-O 11. O-O d6 12. a4 Qc7 13. Rfd1 Rd8 14. Bf1 Ne5
15. a5 Bd7 16. Na4 Bxa4 17. Rxa4 Rac8 18. c3 Nc6 19. c4 Ne5 20. b3 Qc6 21. f3
Nd7 22. Ra2 Ne5 23. Be3 h6 24. Rc2 d5 25. exd5 exd5 26. Qe1 dxc4 27. Bxc4 Qg6
28. Rxd8+ Bxd8 29. Qe2 Nxc4 30. Rxc4 Rxc4 31. Qxc4 Bxa5 32. h4 Qe6 33. Qxe6 fxe6
34. h5 b5 35. Kf2 Bb4 36. Ke2 Kf7 37. Kd3 Kf6 38. Ke4 a5 39. Bd4+ Kf7 40. Kd3
Bd6 41. g4 e5 42. Bc3 a4 43. bxa4 bxa4 44. Kc4 Ke6 45. Bd2 Be7 46. Bc1 a3 47.
Kb3 e4 48. fxe4 Ke5 49. Bd2 Kxe4 50. Bc3 Bf6 51. Bd2 Kf3 52. Kxa3 Kxg4 53. Kb3
Kxh5 54. Kc2 Kg4 55. Kd1 Kf3 56. Ke1 0-1

[Event "World Rapid 2022"]
[Site "Almaty KAZ"]
[Date "2022.12.26"]
[Round "3.56"]
[White "Sadhwani, Raunak"]
[Black "Tologon tegin, Semetei"]
[Result "0-1"]
[WhiteTitle "GM"]
[BlackTitle "IM"]
[WhiteElo "2627"]
[BlackElo "2394"]
[WhiteFideId "35093487"]
[BlackFideId "13800574"]
[EventDate "2022.12.26"]

1. e4 e5 2. Nf3 Nc6 3. Bc4 Bc5 4. d3 Nf6 5. O-O O-O 6. h3 h6 7. Re1 d6 8. c3 a6
9. a4 Ba7 10. Nbd2 Re8 11. b4 Be6 12. Bxe6 Rxe6 13. Qc2 Qd7 14. Rb1 b5 15. Ra1
Rd8 16. Nb3 Bb6 17. Be3 Bxe3 18. Rxe3 Nh5 19. g3 Ree8 20. Kh2 f5 21. Re2 fxe4
22. dxe4 Rf8 23. Nh4 Ne7 24. Nd2 Rf6 25. Nf1 Rdf8 26. Ne3 R6f7 27. axb5 axb5 28.
Rd1 Qc6 29. Rdd2 g6 30. Qd3 Nf6 31. f3 Kh7 32. Ra2 Kg7 33. Red2 Nh7 34. Rf2 Ng5
35. Kg2 h5 36. Qf1 Qxc3 37. Rae2 Qxb4 38. Qc1 Ne6 39. Ra2 Qd4 40. Nc2 Qb6 41.
Nb4 Qb7 42. Qa1 Qc8 43. f4 Kh7 44. f5 gxf5 45. exf5 Nxf5 46. Qb1 Qb7+ 47. Kh2 e4
48. Qd1 Neg7 49. Ng2 c5 50. Nc2 d5 51. Nf4 h4 52. gxh4 Nxh4 53. Qg4 Nf3+ 54.
Rxf3 exf3 55. Qh4+ Kg8 56. Ng6 Qb8+ 57. Kh1 Rf6 58. Ne7+ Kf7 59. Nxd5 Re6 60.
Nce3 Qe5 61. Ra7+ Kg8 62. Ne7+ Rxe7 63. Rxe7 Qa1+ 64. Kh2 f2 65. Ng4 Qg1# 0-1

[Event "World Rapid 2022"]
[Site "Almaty KAZ"]
[Date "2022.12.26"]
[Round "3.57"]
[White "Mamatov, Melis"]
[Black "Fedorov, Alexei"]
[Result "1/2-1/2"]
[WhiteTitle "FM"]
[BlackTitle "GM"]
[WhiteElo "2399"]
[BlackElo "2475"]
[WhiteFideId "13800027"]
[BlackFideId "13500465"]
[EventDate "2022.12.26"]

1. e4 c5 2. Nf3 Nc6 3. Bb5 e6 4. O-O Nge7 5. Re1 a6 6. Bxc6 Nxc6 7. d4 cxd4 8.
Nxd4 Qc7 9. Nxc6 bxc6 10. e5 d5 11. Nd2 c5 12. c4 Bb7 13. cxd5 Bxd5 14. b3 Be7
15. Qg4 h5 16. Qe2 h4 17. h3 f5 18. Nc4 Qc6 19. Ne3 Rd8 20. Rd1 O-O 21. Nxd5
exd5 22. f4 a5 23. Bd2 a4 24. Be1 Rb8 25. Qf3 Rfd8 26. Rd3 Qe6 27. Rad1 d4 28.
Kh2 Rd7 29. Qh5 axb3 30. axb3 g6 31. Qh6 Bf8 32. Qxh4 Rxb3 33. Rxb3 Qxb3 34. Ra1
Qe6 35. Ra8 Re7 36. Rxf8+ Kxf8 37. Qh8+ Qg8 38. Qf6+ Qf7 39. Qh8+ Qg8 40. Qf6+
Qf7 41. Qh8+ 1/2-1/2

[Event "World Rapid 2022"]
[Site "Almaty KAZ"]
[Date "2022.12.26"]
[Round "3.58"]
[White "Jumabayev, Rinat"]
[Black "Damjanovic, Vuk"]
[Result "1-0"]
[WhiteTitle "GM"]
[BlackTitle "FM"]
[WhiteElo "2609"]
[BlackElo "2361"]
[WhiteFideId "13702661"]
[BlackFideId "980021"]
[EventDate "2022.12.26"]

1. Nf3 Nf6 2. c4 g6 3. g3 Bg7 4. Bg2 O-O 5. d4 d6 6. Nc3 Nc6 7. d5 Na5 8. b3 c5
9. Bb2 a6 10. Nd2 e6 11. O-O Rb8 12. Rb1 e5 13. Ba1 Bd7 14. Qc2 h5 15. a3 b6 16.
b4 Nb7 17. h4 Qc7 18. Qd3 Ng4 19. Nf3 cxb4 20. Rxb4 Bf5 21. e4 Nc5 22. Qe2 Bd7
23. Ng5 Nf6 24. Bh3 Nh7 25. Bxd7 Qxd7 26. Nf3 Nf6 27. Kg2 Qg4 28. Re1 Bh6 29.
Bb2 Kg7 30. Qc2 Qc8 31. Rb1 Qg4 32. Ng5 Qc8 33. Bc1 Nfd7 34. Be3 Qc7 35. Qd2 Kg8
36. Qe2 Bg7 37. f3 Rfe8 38. Nd1 Rb7 39. Bd2 Reb8 40. Ne3 Re8 41. Nh3 Reb8 42.
Nf2 Nf6 43. R4b2 Na4 44. Rc2 Nc5 45. Rcc1 Qc8 46. Nc2 a5 47. Nd1 Ne8 48. Nf2 Nf6
49. Ne3 Nfd7 50. Ned1 Nf6 51. Nc3 Ne8 52. Rc2 Nc7 53. Nh3 Qd7 54. Be3 N7a6 55.
Nb5 a4 56. Nc3 Nb3 57. Qd1 Nac5 58. Nb5 Ra8 59. Qe2 Nd4 60. Bxd4 exd4 61. Nf2
Re8 62. Rd1 Nb3 63. Qf1 Rbb8 64. Nd3 Rbc8 65. Nb4 f5 66. exf5 Qxf5 67. Re2 Qf6
68. Nc6 g5 69. hxg5 Qxg5 70. Nxd6 h4 71. Nxe8 Bf8 72. g4 Nc5 73. Rxd4 Qh6 74. g5
h3+ 75. Kh1 Qh5 1-0

[Event "World Rapid 2022"]
[Site "Almaty KAZ"]
[Date "2022.12.26"]
[Round "3.59"]
[White "Ter-Sahakyan, Samvel"]
[Black "Korelskiy, Egor"]
[Result "1-0"]
[WhiteTitle "GM"]
[BlackTitle "FM"]
[WhiteElo "2605"]
[BlackElo "2153"]
[WhiteFideId "13302531"]
[BlackFideId "34329064"]
[EventDate "2022.12.26"]

1. e4 c5 2. Nf3 e6 3. d4 cxd4 4. Nxd4 a6 5. c4 Nf6 6. Nc3 Qc7 7. a3 b6 8. f4 d6
9. Bd3 Bb7 10. Qe2 Nbd7 11. Bd2 Be7 12. g4 g6 13. g5 Nh5 14. O-O-O e5 15. fxe5
Nxe5 16. Kb1 Rc8 17. Nd5 Qd8 18. Rhg1 O-O 19. Nf3 Nxd3 20. Qxd3 Ng7 21. Bc3 Ne6
22. Nd4 Nc5 23. Nf5 gxf5 24. Qd4 f6 25. gxf6+ Kf7 26. fxe7 Qd7 27. Qf6+ 1-0

[Event "World Rapid 2022"]
[Site "Almaty KAZ"]
[Date "2022.12.26"]
[Round "3.60"]
[White "Tabatabaei, M. Amin"]
[Black "Degenbaev, Aziz"]
[Result "1-0"]
[WhiteTitle "GM"]
[WhiteElo "2660"]
[BlackElo "2139"]
[WhiteFideId "12521213"]
[BlackFideId "13802640"]
[EventDate "2022.12.26"]

1. d4 Nf6 2. c4 g6 3. g3 Bg7 4. Bg2 O-O 5. Nc3 d6 6. Nf3 c5 7. O-O Nc6 8. dxc5
dxc5 9. Bf4 Nh5 10. Be3 Nd4 11. Na4 Bf5 12. Nxc5 Nc2 13. Nh4 Nxe3 14. fxe3 Qb6
15. Nxf5 Qxc5 16. Qd5 Qb6 17. c5 Qxb2 18. Rab1 Qxe2 19. Bf3 e6 20. Bxe2 exd5 21.
Ne7+ Kh8 22. Bxh5 gxh5 23. Rxb7 d4 24. e4 d3 25. c6 Bd4+ 26. Kg2 Bc5 27. Nd5
Rac8 28. c7 Rfe8 29. Rxf7 d2 30. Nf6 Re7 31. Rb8 Rxf7 32. Rxc8+ Kg7 33. Rd8 Bd6 1-0

[Event "World Rapid 2022"]
[Site "Almaty KAZ"]
[Date "2022.12.26"]
[Round "3.61"]
[White "Munkhdalai, Amilal"]
[Black "Idani, Pouya"]
[Result "1/2-1/2"]
[WhiteTitle "FM"]
[BlackTitle "GM"]
[WhiteElo "2142"]
[BlackElo "2637"]
[WhiteFideId "4903250"]
[BlackFideId "12510130"]
[EventDate "2022.12.26"]

1. e4 c5 2. Nf3 d6 3. d4 cxd4 4. Nxd4 Nf6 5. f3 Nc6 6. c4 e6 7. Nc3 Be7 8. Be3
O-O 9. Be2 d5 10. Nxc6 bxc6 11. exd5 cxd5 12. cxd5 Nxd5 13. Nxd5 exd5 14. O-O
Bf6 15. Bd4 Rb8 16. b3 Re8 17. Re1 h6 18. Qd2 Bf5 19. Bf1 Qd6 20. Bxf6 Qxf6 21.
Qxd5 h5 22. Rxe8+ Rxe8 23. Rd1 h4 24. Qd4 Qe7 25. Bc4 h3 26. g4 Bc2 27. Rc1 Bg6
28. Bf1 Rd8 29. Qf2 Qg5 30. Re1 Rd2 31. Re2 Rd1 32. Re1 Rd2 33. Re2 Rd1 34. Re1
Rd2 35. Re2 1/2-1/2

[Event "World Rapid 2022"]
[Site "Almaty KAZ"]
[Date "2022.12.26"]
[Round "3.62"]
[White "Sargissian, Gabriel"]
[Black "Tulendinov, Dinmukhammed"]
[Result "1-0"]
[WhiteTitle "GM"]
[BlackTitle "CM"]
[WhiteElo "2699"]
[BlackElo "1948"]
[WhiteFideId "13300881"]
[BlackFideId "13730860"]
[EventDate "2022.12.26"]

1. d4 d5 2. c4 c6 3. Nf3 Nf6 4. e3 a6 5. Nbd2 Bf5 6. Nh4 Bg4 7. Qb3 Ra7 8. h3
Bh5 9. g4 Bg6 10. Nxg6 hxg6 11. g5 Ng8 12. Nf3 e6 13. Bd2 Nd7 14. O-O-O b5 15.
c5 a5 16. Qc2 Ne7 17. h4 Qc7 18. Bh3 Rg8 19. e4 Kd8 20. Rde1 Kc8 21. exd5 Nxd5
22. h5 gxh5 23. g6 f5 24. Rxe6 Nf4 25. Qxf5 Nxe6 26. Qxe6 Rh8 27. Ne5 1-0

[Event "World Rapid 2022"]
[Site "Almaty KAZ"]
[Date "2022.12.26"]
[Round "3.64"]
[White "Petkov, Momchil"]
[Black "Hovhannisyan, Robert"]
[Result "1-0"]
[WhiteTitle "GM"]
[BlackTitle "GM"]
[WhiteElo "2531"]
[BlackElo "2597"]
[WhiteFideId "2921642"]
[BlackFideId "13302507"]
[EventDate "2022.12.26"]

1. e4 e5 2. Nf3 Nc6 3. Bb5 Nf6 4. d3 Bc5 5. Bg5 h6 6. Bh4 Be7 7. Nc3 O-O 8. O-O
d6 9. Bxc6 bxc6 10. d4 exd4 11. Nxd4 Bd7 12. Re1 Re8 13. e5 Ng4 14. Bxe7 Qxe7
15. h3 c5 16. Nb3 c4 17. Nd2 Nxe5 18. f4 Bxh3 19. fxe5 Qg5 20. Qf3 Qxd2 21. Qxh3
Rxe5 22. Rxe5 dxe5 23. Qf5 Qd4+ 24. Kh2 Qh4+ 25. Qh3 Qxh3+ 26. Kxh3 Rb8 27. b3
Rb6 28. Nd5 Rd6 29. bxc4 c6 30. Ne3 Rd4 31. Rb1 g6 32. g4 f5 33. gxf5 gxf5 34.
Nxf5 Rxc4 35. Rb8+ Kh7 36. Ne3 Ra4 37. Kg3 Rxa2 38. Rc8 Ra3 39. Kf3 Rc3 40. Rc7+
Kg6 41. Rxa7 h5 42. Ra8 h4 43. Rg8+ Kh5 44. Ke4 Kh6 45. Rg4 Kh5 46. Rg8 Kh6 47.
Rg2 Kh5 48. Rg1 h3 49. Rg3 h2 50. Rh3+ Kg5 51. Rxh2 Kf6 52. Ng4+ Ke6 53. Nxe5 c5
54. Nf3 Kd6 55. Rd2+ Kc6 56. Ng1 Kb5 57. Ne2 Rh3 58. Rd3 Rh2 59. Ke3 Kb4 60.
Rb3+ Kc4 61. Kd2 Rh8 62. Rg3 Rd8+ 63. Kc1 Kb4 64. Rg4+ c4 65. Kb2 Rh8 66. Nc3
Rb8 67. Na2+ Ka4+ 68. Kc3 Ka3 69. Nc1 Rf8 70. Rxc4 Rf1 71. Nd3 1-0

[Event "World Rapid 2022"]
[Site "Almaty KAZ"]
[Date "2022.12.26"]
[Round "3.66"]
[White "Vetokhin, Savva"]
[Black "Naiditsch, Arkadij"]
[Result "0-1"]
[WhiteTitle "IM"]
[BlackTitle "GM"]
[WhiteElo "2354"]
[BlackElo "2659"]
[WhiteFideId "44144474"]
[BlackFideId "4650891"]
[EventDate "2022.12.26"]

1. d4 Nf6 2. c4 g6 3. g3 Bg7 4. Bg2 O-O 5. Nc3 d6 6. Nf3 Nbd7 7. O-O e5 8. e4
Re8 9. Re1 exd4 10. Nxd4 Nc5 11. h3 Bd7 12. Bf4 h6 13. g4 Ne6 14. Be3 Nxd4 15.
Bxd4 c5 16. Be3 Bc6 17. Bf4 Re6 18. e5 Bxg2 19. Kxg2 dxe5 20. Bxe5 Qe8 21. Bxf6
Bxf6 22. Rxe6 Qxe6 23. Qf3 Rf8 24. Qxb7 Qxc4 25. Qb3 Qxb3 26. axb3 Rb8 27. Ra3
Rb7 28. Kf1 Kg7 29. Ke2 Be7 30. Nd5 Bf8 31. Kd3 c4+ 32. Kxc4 Bxa3 33. bxa3 f5
34. gxf5 gxf5 35. b4 Kf7 36. b5 Ke6 37. Kc5 Rg7 38. a4 Rg1 39. Nc3 Rc1 40. Kd4
Rh1 41. a5 Kd6 42. b6 axb6 43. axb6 Rxh3 44. f4 h5 45. b7 Kc7 46. Nb5+ Kb8 47.
Nd6 Rf3 48. Nxf5 Rxf4+ 49. Ke5 Rf2 50. Ke4 Kxb7 51. Nh4 Kc6 52. Ke3 Rf7 53. Ng6
Kd6 54. Ke4 Rf1 55. Ke3 Rf6 56. Nf4 h4 57. Ke4 Rf7 58. Nh3 Rf8 59. Nf4 Rf6 60.
Nh3 Ke7 61. Ng5 Rf1 62. Ke3 Kf6 63. Ke2 Rf5 64. Nh3 Ke5 65. Ke3 Rf1 66. Nf2 Kf5
67. Ke2 Ra1 68. Kf3 Rg1 69. Ne4 h3 70. Ng3+ Kg6 71. Ne2 h2 0-1

[Event "World Rapid 2022"]
[Site "Almaty KAZ"]
[Date "2022.12.26"]
[Round "3.67"]
[White "Haldorsen, Benjamin"]
[Black "Adly, Ahmed"]
[Result "0-1"]
[WhiteTitle "IM"]
[BlackTitle "GM"]
[WhiteElo "2449"]
[BlackElo "2596"]
[WhiteFideId "1512633"]
[BlackFideId "10601619"]
[EventDate "2022.12.26"]

1. e4 c5 2. Nf3 Nf6 3. e5 Nd5 4. Nc3 Nxc3 5. dxc3 Nc6 6. Bf4 Qc7 7. Qd2 e6 8.
O-O-O h6 9. h4 Rb8 10. Qe3 b5 11. Bd3 Qa5 12. Kb1 c4 13. Be4 b4 14. cxb4 Nxb4
15. a3 Nd3 16. Rxd3 cxd3 17. Qxd3 Bxa3 18. b3 Ba6 19. Qe3 Bb4 20. Qxa7 O-O 21.
Bc1 Bc5 22. Qxd7 Rfd8 23. Qc6 Bb7 24. Qxb7 Rxb7 25. Bxb7 Rd7 26. Bc6 Ra7 27. Bb2
Qa2+ 28. Kc1 Ba3 29. Bxa3 Qa1+ 30. Kd2 Qxh1 31. Bc5 Rc7 32. Nd4 Qxh4 33. Bd6
Qxd4+ 0-1

[Event "World Rapid 2022"]
[Site "Almaty KAZ"]
[Date "2022.12.26"]
[Round "3.68"]
[White "Madaminov, Mukhiddin"]
[Black "Adhiban, Baskaran"]
[Result "1-0"]
[WhiteTitle "IM"]
[BlackTitle "GM"]
[WhiteElo "2438"]
[BlackElo "2611"]
[WhiteFideId "14210703"]
[BlackFideId "5018471"]
[EventDate "2022.12.26"]

1. d4 d5 2. Nc3 Nf6 3. Bf4 c5 4. e4 Nxe4 5. Nxe4 dxe4 6. dxc5 Qxd1+ 7. Rxd1 Bd7
8. f3 Nc6 9. c3 e5 10. Be3 exf3 11. Nxf3 f6 12. Bc4 O-O-O 13. b4 Bg4 14. h3 Bh5
15. g4 Bg6 16. Ke2 Be7 17. b5 Na5 18. Be6+ Kb8 19. c4 Rhe8 20. Rd5 Bd6 21. Bf5
Bxf5 22. gxf5 Be7 23. Rc1 g6 24. Nh4 g5 25. Nf3 e4 26. Nd4 b6 27. c6 Rxd5 28.
cxd5 Kc7 29. Bg1 Kd6 30. Ne6 Rc8 31. Rd1 Ke5 32. d6 Bxd6 33. Bh2+ Kxf5 34. Rxd6
Nc4 35. Rd8 Rxd8 36. Nxd8 1-0

[Event "World Rapid 2022"]
[Site "Almaty KAZ"]
[Date "2022.12.26"]
[Round "3.69"]
[White "Sapenov, Daniyal"]
[Black "Vakhidov, Jakhongir"]
[Result "0-1"]
[WhiteTitle "FM"]
[BlackTitle "GM"]
[WhiteElo "2323"]
[BlackElo "2607"]
[WhiteFideId "13728911"]
[BlackFideId "14201801"]
[EventDate "2022.12.26"]

1. d4 Nf6 2. c4 c5 3. d5 e5 4. Nc3 d6 5. e4 Nbd7 6. Be2 a6 7. Be3 Be7 8. Nf3 O-O
9. O-O Ne8 10. a3 g6 11. b4 b6 12. Ne1 f5 13. exf5 gxf5 14. f4 Ng7 15. Nd3 Bf6
16. Qd2 Qe7 17. Rae1 Kh8 18. Kh1 e4 19. Nf2 cxb4 20. axb4 a5 21. Nb5 axb4 22. g4
fxg4 23. Nxg4 Bh4 24. Ra1 Rxa1 25. Rxa1 Nf5 26. Qb2+ Nf6 27. Bxb6 e3 28. Bd3 e2
29. Bxe2 Qe4+ 30. Kg1 Rg8 31. Bf2 Ne3 32. Bxe3 Bxg4 0-1

[Event "World Rapid 2022"]
[Site "Almaty KAZ"]
[Date "2022.12.26"]
[Round "3.70"]
[White "Yilmaz, Mustafa"]
[Black "Hambleton, Aman"]
[Result "1-0"]
[WhiteTitle "GM"]
[BlackTitle "GM"]
[WhiteElo "2617"]
[BlackElo "2437"]
[WhiteFideId "6302718"]
[BlackFideId "2606577"]
[EventDate "2022.12.26"]

1. d4 Nf6 2. c4 e6 3. Nf3 b6 4. g3 Ba6 5. Nbd2 Bb4 6. Qa4 Qe7 7. a3 Bxd2+ 8.
Bxd2 O-O 9. Bg2 Bb7 10. O-O d6 11. b4 Nbd7 12. Rfc1 c5 13. dxc5 dxc5 14. Rd1
Rfd8 15. Bc3 Ne4 16. Bb2 cxb4 17. axb4 a5 18. bxa5 Rxa5 19. Qb3 Rxa1 20. Rxa1
Nec5 21. Qc3 Nf6 22. Qb4 Nfd7 23. Ra7 Qd6 24. Qe1 Ra8 25. Rxa8+ Bxa8 26. Qa1
Bxf3 27. Bxf3 Qf8 28. Bc6 h6 29. Bc3 Kh7 30. Bd4 Qd6 31. Bg2 e5 32. Bc3 f5 33.
Bd5 Qe7 34. Qa7 Qd6 35. Qa1 Qe7 36. Qb1 Qf6 37. f4 g6 38. Qa1 h5 39. fxe5 Qg5
40. Bd4 Nb3 41. Qc3 Nxd4 42. Qxd4 Nc5 43. e6 Qe7 44. Qe5 Nb3 45. Kg2 Nc5 46. Qb8
Nxe6 47. Qe5 f4 48. Bxe6 1-0

[Event "World Rapid 2022"]
[Site "Almaty KAZ"]
[Date "2022.12.26"]
[Round "3.71"]
[White "Mamedov, Edgar"]
[Black "Lintchevski, Daniil"]
[Result "1/2-1/2"]
[WhiteTitle "FM"]
[BlackTitle "GM"]
[WhiteElo "2283"]
[BlackElo "2548"]
[WhiteFideId "13739980"]
[BlackFideId "4171055"]
[EventDate "2022.12.26"]

1. d4 Nf6 2. c4 e6 3. Nf3 d5 4. Nc3 c5 5. cxd5 cxd4 6. Qxd4 exd5 7. Bg5 Be7 8.
e3 O-O 9. Be2 h6 10. Bh4 Nc6 11. Qa4 Be6 12. O-O Qb6 13. Qb5 Qxb5 14. Nxb5 g5
15. Bg3 Ne4 16. Rac1 Bf6 17. Nfd4 Rfc8 18. Bd3 Nxg3 19. fxg3 Be5 20. Nxc6 Rxc6
21. Nd4 Bxd4 22. exd4 Rb6 23. Rf2 Rb4 24. Rd2 Kg7 25. Be2 Re8 26. g4 Rc8 27.
Rxc8 Bxc8 28. Kf2 Be6 29. Ke3 Kf6 30. h3 Ke7 31. Bd3 a5 32. b3 Kd6 33. Rc2 a4
34. bxa4 Rxa4 35. Rb2 Kc7 36. Bc2 Ra3+ 37. Bb3 Kd6 38. Rf2 Ra8 39. Rb2 Bd7 40.
Rf2 Re8+ 41. Kd2 Be6 42. Kc3 Rh8 43. Rb2 Bd7 44. Rf2 Be6 45. Rb2 b6 46. Bd1 Kc7
47. a4 Ra8 48. Kb4 Kd6 49. Ka3 Kc7 50. Kb4 Ra7 51. Rc2+ Kd6 52. Be2 f5 53. gxf5
Bxf5 54. Rc1 Be4 55. Bb5 Rc7 56. Rxc7 Kxc7 57. g3 Kd6 58. Be2 Bc2 59. Bg4 Bd3
60. Bf3 Ke6 61. Bg4+ Kd6 62. Bf3 Bf1 63. Bg4 Ke7 64. h4 gxh4 65. gxh4 Kf6 66.
Bf3 Bc4 67. Bg4 Bd3 68. Bh3 Be2 69. Bg2 Ke6 70. Bh3+ Kd6 71. Bf5 Ke7 72. Bh3 Kd6
73. a5 bxa5+ 74. Kxa5 Bf3 75. Kb6 Be4 76. Bg4 Bg6 77. Bh3 Bh5 78. Bf5 Bf7 79.
Bg4 Bg6 1/2-1/2

[Event "World Rapid 2022"]
[Site "Almaty KAZ"]
[Date "2022.12.26"]
[Round "3.72"]
[White "Everett, Elijah"]
[Black "Durarbayli, Vasif"]
[Result "0-1"]
[BlackTitle "GM"]
[WhiteElo "2202"]
[BlackElo "2612"]
[WhiteFideId "12973696"]
[BlackFideId "13402935"]
[EventDate "2022.12.26"]

1. e4 c5 2. Nf3 d6 3. d4 cxd4 4. Nxd4 Nf6 5. Nc3 a6 6. Be3 e5 7. Nb3 Be6 8. f3
h5 9. Qd2 Nbd7 10. Nd5 Bxd5 11. exd5 g6 12. Be2 Qc7 13. c4 a5 14. a4 Ng8 15. Rc1
Bh6 16. Bxh6 Nxh6 17. c5 Nf5 18. c6 bxc6 19. Rxc6 Qd8 20. O-O O-O 21. Bb5 Nf6
22. Kh1 h4 23. Rd1 Kg7 24. Rc4 Rh8 25. Kg1 Qe7 26. Rdc1 Nh5 27. Rc7 Qf6 28. Bd7
Nf4 29. Rb7 Ne7 30. Nxa5 Qg5 31. Nb3 Nexd5 32. Be6 Nxe6 33. Qxd5 Rab8 34. a5
Rxb7 35. Qxb7 h3 36. g3 Qe3+ 37. Kf1 Nd4 38. Re1 Qd3+ 39. Kf2 Nxb3 40. a6 Nc5 0-1

[Event "World Rapid 2022"]
[Site "Almaty KAZ"]
[Date "2022.12.26"]
[Round "3.73"]
[White "Sychev, Klementy"]
[Black "Pranav, V"]
[Result "0-1"]
[WhiteTitle "GM"]
[BlackTitle "GM"]
[WhiteElo "2556"]
[BlackElo "2545"]
[WhiteFideId "4114060"]
[BlackFideId "25060783"]
[EventDate "2022.12.26"]

1. e4 e5 2. Nf3 Nc6 3. d4 exd4 4. Nxd4 Bc5 5. Nxc6 Qf6 6. Qf3 bxc6 7. Nd2 d6 8.
Be2 Qxf3 9. gxf3 Ne7 10. Nb3 Bb6 11. Be3 f5 12. e5 dxe5 13. O-O-O Be6 14. c4 a5
15. c5 Ba7 16. Nxa5 f4 17. Bd2 Bxc5 18. Bc3 Bxf2 19. Bc4 Bd5 20. b4 Bxf3 21.
Bxe5 Bxh1 22. Rxh1 Rf8 23. Bxg7 Rf5 24. Rf1 Be3+ 25. Kc2 c5 26. a3 cxb4 27. axb4
Rh5 28. Kb3 Rb8 29. Ka3 Bd2 30. Nb3 Bxb4+ 31. Kb2 Rxh2+ 32. Kc1 Ba3+ 33. Kd1
Rd8+ 0-1

[Event "World Rapid 2022"]
[Site "Almaty KAZ"]
[Date "2022.12.26"]
[Round "3.74"]
[White "Suleimen, Ergali"]
[Black "Bilguun, Sumiya"]
[Result "0-1"]
[BlackTitle "GM"]
[WhiteElo "2073"]
[BlackElo "2474"]
[WhiteFideId "13724452"]
[BlackFideId "4901541"]
[EventDate "2022.12.26"]

1. e4 c5 2. Nf3 d6 3. d4 cxd4 4. Nxd4 Nf6 5. Nc3 a6 6. Bg5 Nbd7 7. Bc4 Qc7 8.
Qe2 e6 9. O-O-O Nc5 10. Bxf6 gxf6 11. Kb1 Bd7 12. f4 O-O-O 13. a3 Kb8 14. Ba2
Rc8 15. Rhf1 h5 16. f5 e5 17. Nd5 Qd8 18. Nb3 Na4 19. Rf3 Bb5 20. Qe1 Rg8 21. g3
Bh6 22. Qa5 Qxa5 23. Nxa5 Be2 24. Rff1 Bxf1 25. Rxf1 Nc5 26. Nxf6 Rh8 27. Nb3
Nxb3 28. Bxb3 Bg5 29. Nd5 h4 30. Nc3 hxg3 31. hxg3 f6 32. Be6 Rcd8 33. Rf3 Rh2
34. Nd5 Re2 35. Nc3 Re3 36. Rxe3 Bxe3 37. g4 Rh8 38. Bf7 Rh2 39. Bh5 Rg2 40. b4
b5 41. Nd5 Bg5 42. Kb2 Re2 43. Nc3 Re1 44. Kb3 Re3 45. Kb2 Ka7 46. Be8 Rg3 47.
Bh5 Re3 48. Be8 Kb7 49. Bh5 Kc8 50. Bf7 Rg3 51. Bh5 Bc1+ 52. Kxc1 Rxc3 0-1

[Event "World Rapid 2022"]
[Site "Almaty KAZ"]
[Date "2022.12.26"]
[Round "3.75"]
[White "Svane, Frederik"]
[Black "Gharibyan, Mamikon"]
[Result "0-1"]
[WhiteTitle "GM"]
[BlackTitle "IM"]
[WhiteElo "2568"]
[BlackElo "2480"]
[WhiteFideId "12923044"]
[BlackFideId "13308300"]
[EventDate "2022.12.26"]

1. e4 c5 2. Nf3 Nc6 3. Bb5 g6 4. O-O Bg7 5. Bxc6 dxc6 6. d3 e5 7. a4 Qe7 8. Qe1
Bg4 9. Nbd2 Nf6 10. h3 Bxf3 11. Nxf3 a5 12. Qc3 Nd7 13. Bg5 Qd6 14. Nd2 O-O 15.
Nc4 Qc7 16. Qb3 Rfb8 17. Ne3 Nf8 18. Bh4 Ne6 19. c3 Nf4 20. Qc2 h5 21. Rad1 Re8
22. Rfe1 b6 23. Nc4 Rab8 24. Bg3 Rbd8 25. Qb3 Nxd3 26. Re2 Nf4 27. Red2 Rxd2 28.
Rxd2 Rb8 29. Qd1 Qe7 30. Rd6 h4 31. Bxf4 exf4 32. e5 Bxe5 33. Rxc6 Bc7 34. Kf1
Kg7 35. Qf3 Re8 36. Kg1 Qe1+ 37. Kh2 Bb8 38. Rxb6 Qc1 39. Rxb8 Re1 40. g4 fxg3+
41. fxg3 Qc2+ 42. Qg2 Re2 43. Ne3 Qd2 44. Re8 hxg3+ 45. Kxg3 Rxg2+ 46. Nxg2 Qxb2
47. Re3 Qb3 48. Re4 Qxc3+ 49. Ne3 f5 50. Re7+ Kf8 0-1